Most popular pints in the UK - Statistics

General Stats
  • This quiz has been taken 71 times
  • The average score is 6 of 20
Answer Stats
Hint Answer % Correct
3 Guinness
90%
11 Heineken
69%
12 Stella Artois
63%
17 Budweiser
60%
1 Peroni
55%
7 Corona
44%
19 Strongbow
35%
10 Amstel
34%
2 Kronenbourg
23%
6 San Miguel
23%
16 Beck's
16%
8 Kopparberg
10%
14 Tetley's
10%
9 Bierra Moretti
8%
18 Old Mout
6%
5 Thatchers Gold
6%
20 Corona Extra
5%
4 Greene King IPA
5%
13 Newcastle Brown Ale
5%
15 Sol
5%
No matching quizzes found
Score Distribution
Percent of People with Each Score
Percentile by Number Answered
Your Score History
You have not taken this quiz